[Event "Tambov Korensky Memorial 28th"]
[Site "Tambov"]
[Date "2019.08.30"]
[Round "7"]
[White "Lukovnikov, Alexander"]
[Black "Mikhnenko, Alexander"]
[Result "1-0"]
[WhiteElo "2133"]
[BlackElo "2063"]
[PlyCount "107"]
[EventDate "2019.08.24"]
[EventType "swiss"]
[EventRounds "9"]
[EventCountry "RUS"]
[SourceTitle "EXT 2020"]
[Source "ChessBase"]
[SourceDate "2019.10.17"]
[SourceVersion "1"]
[SourceVersionDate "2019.10.17"]
[SourceQuality "1"]

1. e4 c6 2. d4 d5 3. f3 Qb6 4. Nc3 dxe4 5. fxe4 e5 6. Nf3 exd4 7. Qxd4 Qxd4 8. Nxd4 Bd6 9. Be3 Ne7 10. 0-0-0 Bc7 11. Nf3 f6 12. Bc4 Ng6 13. Bb3 Nd7 14. Nd4 Nc5 15. Bc4 Ne5 16. Nf5 Nxc4 17. Bxc5 g6 18. Nd6+ Nxd6 19. Bxd6 Bxd6 20. Rxd6 Ke7 21. Rd2 Be6 22. b3 Rad8 23. Rf1 Rxd2 24. Kxd2 Rf8 25. Ke3 Rf7 26. g3 h5 27. Ne2 Rh7 28. h4 Rh8 29. Nd4 Bd7 30. c4 Rg8 31. Nf3 a5 32. c5 Rb8 33. e5 f5 34. Rd1 b6 35. Rd6 bxc5 36. Rxg6 Rb4 37. Rg7+ Kd8 38. Ng5 c4 39. e6 Be8 40. bxc4 Rxc4 41. Ra7 Rc3+ 42. Kf4 Bg6 43. Nf7+ Ke8 44. Nd6+ Kf8 45. e7+ Kg8 46. e8Q+ Bxe8 47. Nxe8 Ra3 48. Nf6+ Kf8 49. Nxh5 Rxa2 50. Kxf5 a4 51. Nf6 Ra3 52. g4 Re3 53. Kg6 Re7 54. Ra8+ 1-0

[Event "Voronezh Region-ch"]
[Site "Voronezh"]
[Date "2018.12.01"]
[Round "9"]
[White "Agadjanian, Sergey"]
[Black "Lukovnikov, Alexander"]
[Result "0-1"]
[WhiteElo "1979"]
[BlackElo "2208"]
[PlyCount "56"]
[EventDate "2018.11.23"]
[EventType "swiss"]
[EventRounds "9"]
[EventCountry "RUS"]
[SourceTitle "CBM 188 Extra"]
[Source "ChessBase"]
[SourceDate "2019.02.28"]
[SourceVersion "1"]
[SourceVersionDate "2019.02.28"]
[SourceQuality "1"]

1. Nf3 f5 2. g3 Nf6 3. c4 d6 4. d4 g6 5. Bg2 Bg7 6. Nc3 c6 7. 0-0 0-0 8. Qc2 Na6 9. a3 Nc7 10. Rd1 Bd7 11. Ng5 h6 12. Nf3 Qe8 13. Qb3 Rb8 14. c5+ Be6 15. Qa4 a6 16. cxd6 exd6 17. Bf4 Rd8 18. Qb4 Qd7 19. Ne1 Ncd5 20. Nxd5 Nxd5 21. Qd2 g5 22. Be3 f4 23. Bxd5 Bxd5 24. gxf4 Qg4+ 25. Kf1 gxf4 26. Bxf4 Rxf4 27. f3 Rdf8 28. Ng2 Bxd4 0-1

[Event "Voronezh Region-ch"]
[Site "Voronezh"]
[Date "2018.11.30"]
[Round "8"]
[White "Lukovnikov, Alexander"]
[Black "Shtyka, Sergey"]
[Result "0-1"]
[WhiteElo "2208"]
[BlackElo "2273"]
[PlyCount "88"]
[EventDate "2018.11.23"]
[EventType "swiss"]
[EventRounds "9"]
[EventCountry "RUS"]
[SourceTitle "CBM 188 Extra"]
[Source "ChessBase"]
[SourceDate "2019.02.28"]
[SourceVersion "1"]
[SourceVersionDate "2019.02.28"]
[SourceQuality "1"]

1. e4 c5 2. Nc3 Nc6 3. f4 e6 4. Nf3 d5 5. Bb5 Nge7 6. 0-0 d4 7. Ne2 a6 8. Bxc6+ Nxc6 9. d3 Be7 10. Ng3 f5 11. exf5 exf5 12. Qe2 Qd5 13. Bd2 0-0 14. Rae1 Bd7 15. Ne5 Nxe5 16. Qxe5 Qxe5 17. Rxe5 Bd6 18. Re2 g6 19. Rfe1 Kf7 20. Kf2 b5 21. h3 Rac8 22. Nf1 Rfe8 23. Nh2 Rxe2+ 24. Rxe2 c4 25. g3 cxd3 26. cxd3 Rc2 27. Ba5 Rxe2+ 28. Kxe2 g5 29. fxg5 Bxg3 30. Nf3 Kg6 31. Bd2 Be6 32. a3 f4 33. Nxd4 Bxh3 34. Be1 Bg4+ 35. Kf1 Kxg5 36. Ba5 f3 37. Be1 Kf4 38. Bd2+ Ke5 39. Be3 h5 40. Nc6+ Kd6 41. Nb4 a5 42. Na6 Kd5 43. b4 a4 44. Nc5 Be5 0-1

[Event "Voronezh Region-ch"]
[Site "Voronezh"]
[Date "2018.11.25"]
[Round "3"]
[White "Lukovnikov, Alexander"]
[Black "Provotorov, Ivan"]
[Result "1/2-1/2"]
[WhiteElo "2208"]
[BlackElo "2371"]
[PlyCount "87"]
[EventDate "2018.11.23"]
[EventType "swiss"]
[EventRounds "9"]
[EventCountry "RUS"]
[SourceTitle "CBM 188 Extra"]
[Source "ChessBase"]
[SourceDate "2019.02.28"]
[SourceVersion "1"]
[SourceVersionDate "2019.02.28"]
[SourceQuality "1"]

1. e4 e6 2. d4 d5 3. e5 c5 4. c3 Qb6 5. Nf3 Nc6 6. Bd3 cxd4 7. cxd4 Bd7 8. 0-0 Nxd4 9. Nxd4 Qxd4 10. Nc3 Ne7 11. Qf3 a6 12. Bf4 Ng6 13. Bg3 Be7 14. Rfe1 0-0 15. Rad1 Qb4 16. Re2 Rac8 17. h3 Be8 18. Rde1 h6 19. a3 Qd4 20. Rd1 Nh4 21. Bxh4 Qxh4 22. Nxd5 Bc6 23. Nxe7+ Qxe7 24. Be4 Rfd8 25. Red2 Rxd2 26. Rxd2 Bxe4 27. Qxe4 Rc6 28. Qd4 g6 29. g3 Kg7 30. h4 Rc1+ 31. Kh2 Rc5 32. Re2 Rd5 33. Qf4 Qd8 34. Rc2 g5 35. hxg5 Qxg5 36. Rc7 Qxf4 37. gxf4 b6 38. Rb7 Rb5 39. b4 a5 40. bxa5 Rxa5 41. Rxb6 Rxa3 42. f5 exf5 43. Rf6 Ra4 44. Rxf5 1/2-1/2

[Event "Tambov Korensky Memorial 27th"]
[Site "Tambov"]
[Date "2018.08.18"]
[Round "8"]
[White "Lukovnikov, Alexander"]
[Black "Maneluk, Daniil"]
[Result "1-0"]
[WhiteElo "2162"]
[BlackElo "2156"]
[PlyCount "159"]
[EventDate "2018.08.11"]
[EventType "swiss"]
[EventRounds "9"]
[EventCountry "RUS"]
[SourceTitle "CBM 186 Extra"]
[Source "ChessBase"]
[SourceDate "2018.08.24"]
[SourceVersion "1"]
[SourceVersionDate "2018.08.24"]
[SourceQuality "1"]

1. e4 e6 2. Nf3 d5 3. Nc3 Nf6 4. e5 Ne4 5. Ne2 Nc5 6. d4 Ncd7 7. Ng3 c5 8. c3 Nc6 9. Bd3 Qb6 10. Ne2 f6 11. exf6 Nxf6 12. 0-0 cxd4 13. cxd4 Bd6 14. a3 0-0 15. Nc3 a6 16. Be3 Qc7 17. Rc1 Bd7 18. h3 Be8 19. Ng5 Qe7 20. f4 h6 21. Nf3 Bh5 22. Qe1 Bxf3 23. Rxf3 Nh5 24. Qf2 Qc7 25. Rf1 g5 26. g3 gxf4 27. gxf4 Qf7 28. Kh1 Ne7 29. f5 Nxf5 30. Bxf5 exf5 31. Bxh6 f4 32. Bxf8 Rxf8 33. Rg1+ Ng3+ 34. Rgxg3+ fxg3 35. Rxf7 gxf2 36. Rxf8+ Bxf8 37. Kg2 Bh6 38. Kxf2 Bc1 39. Nd1 Kf7 40. a4 Kf6 41. Ke2 Kf5 42. Kd3 Bg5 43. Ne3+ Ke6 44. b3 b6 45. Nc2 Be7 46. Ne3 Bg5 47. Ng2 Kf5 48. h4 Be7 49. Ne3+ Ke6 50. h5 Bg5 51. Ng4 Kf5 52. Ne5 Ke6 53. Ke2 b5 54. axb5 axb5 55. Kf3 Bc1 56. Nd3 Bh6 57. Nf4+ Kf5 58. Nxd5 Bg7 59. Ne3+ Kg5 60. Ke4 Kxh5 61. Nf5 Bf6 62. Nd6 b4 63. Kd5 Kg4 64. Kc4 Kf4 65. d5 Bh4 66. Nb7 Ke5 67. Na5 Bf2 68. Nc6+ Kd6 69. Nxb4 Bg1 70. Nc2 Ke5 71. b4 Bf2 72. b5 Bg1 73. Nb4 Kd6 74. Nd3 Be3 75. Nb2 Bg1 76. Na4 Kc7 77. Nc3 Kd6 78. Ne4+ Ke5 79. Ng5 Kf6 80. d6 1-0

[Event "Tambov Korensky Memorial 27th"]
[Site "Tambov"]
[Date "2018.08.14"]
[Round "4"]
[White "Lukovnikov, Alexander"]
[Black "Najdin, Danil"]
[Result "1-0"]
[WhiteElo "2162"]
[BlackElo "2238"]
[PlyCount "85"]
[EventDate "2018.08.11"]
[EventType "swiss"]
[EventRounds "9"]
[EventCountry "RUS"]
[SourceTitle "CBM 186 Extra"]
[Source "ChessBase"]
[SourceDate "2018.08.24"]
[SourceVersion "1"]
[SourceVersionDate "2018.08.24"]
[SourceQuality "1"]

1. d4 Nf6 2. c4 g6 3. Nc3 d5 4. Nf3 Bg7 5. Bg5 Ne4 6. cxd5 Nxc3 7. bxc3 Qxd5 8. Qb3 Qa5 9. e3 Nc6 10. Bc4 0-0 11. 0-0 Bg4 12. Bf4 Qh5 13. Qb5 Bxf3 14. gxf3 e5 15. Bg3 a6 16. Qxb7 Qxf3 17. Be2 Qe4 18. Bd3 Qd5 19. Qb3 Qd7 20. Be4 Rad8 21. Qc4 Na5 22. Qxa6 f5 23. Bg2 f4 24. Qxa5 f3 25. Bxf3 Rxf3 26. dxe5 h5 27. Rad1 Qxd1 28. Rxd1 Rxd1+ 29. Kg2 Rf5 30. h4 Rd7 31. f4 Rd2+ 32. Kh3 Rf7 33. a4 Rd3 34. Qc5 Bf8 35. Qc4 Rd2 36. Qc6 Kg7 37. a5 Ra2 38. a6 Re7 39. e4 Kh7 40. f5 gxf5 41. exf5 Rg7 42. f6 Rg6 43. Qd7+ 1-0

[Event "Voronezh op-B 22nd"]
[Site "Voronezh"]
[Date "2018.06.12"]
[Round "1"]
[White "Vasiljev, Ilya"]
[Black "Lukovnikov, Alexander"]
[Result "0-1"]
[WhiteElo "1816"]
[BlackElo "2153"]
[PlyCount "114"]
[EventDate "2018.06.12"]
[EventType "swiss"]
[EventRounds "9"]
[EventCountry "RUS"]
[SourceTitle "CBM 185 Extra"]
[Source "ChessBase"]
[SourceDate "2018.07.29"]
[SourceVersion "1"]
[SourceVersionDate "2018.07.29"]
[SourceQuality "1"]

1. e4 c5 2. Nf3 Nc6 3. d4 cxd4 4. Nxd4 Qb6 5. Nb3 Nf6 6. Bd3 e6 7. 0-0 Be7 8. Nc3 d6 9. Be3 Qc7 10. f4 b6 11. Qf3 Bb7 12. Qh3 Rd8 13. f5 exf5 14. Qxf5 Ne5 15. Bb5+ Bc6 16. Bxc6+ Qxc6 17. Bf4 0-0 18. Rad1 Qc7 19. Kh1 Rde8 20. h3 a6 21. a4 b5 22. axb5 axb5 23. Bxe5 dxe5 24. Qf2 Qc4 25. Nd2 Qc6 26. Qe2 b4 27. Nd5 Qxc2 28. b3 Nxd5 29. exd5 Bg5 30. Qc4 Qxc4 31. Nxc4 e4 32. Rfe1 f5 33. g3 g6 34. d6 Bf6 35. Rd5 Bc3 36. Re2 Rd8 37. Ra2 Rf7 38. Nb6 Rb7 39. Ra8 Rxa8 40. Nxa8 e3 41. d7 Rxd7 42. Rxd7 e2 43. Re7 e1Q+ 44. Rxe1 Bxe1 45. Kg2 Kf7 46. Nc7 Bc3 47. Kf3 Be5 48. Nd5 Bd6 49. g4 fxg4+ 50. hxg4 Ke6 51. Ne3 Bc5 52. Nc2 Ke5 53. Ne1 Kd4 54. Kf4 Kc3 55. Kg5 Be3+ 56. Kf6 Kxb3 57. Nf3 Kc3 0-1

[Event "Voronezh Region-ch"]
[Site "Voronezh"]
[Date "2017.12.18"]
[Round "6"]
[White "Rodin, Dmitrij"]
[Black "Lukovnikov, Alexander"]
[Result "1-0"]
[WhiteElo "2399"]
[BlackElo "2241"]
[PlyCount "69"]
[EventDate "2017.12.12"]
[EventType "swiss"]
[EventRounds "9"]
[EventCountry "RUS"]
[SourceTitle "CBM 182 Extra"]
[Source "ChessBase"]
[SourceDate "2018.02.23"]
[SourceVersion "1"]
[SourceVersionDate "2018.02.23"]
[SourceQuality "1"]

1. e4 e5 2. Nf3 Nc6 3. Bb5 a6 4. Ba4 d6 5. c3 f5 6. d4 fxe4 7. Ng5 d5 8. dxe5 b5 9. Bb3 Nge7 10. e6 Ne5 11. 0-0 h6 12. Nxe4 Bxe6 13. Nc5 Bf7 14. Re1 Qd6 15. Bf4 Qxc5 16. Bxe5 0-0-0 17. a4 Nc6 18. Bg3 Bd6 19. axb5 axb5 20. Nd2 Kb7 21. Nf3 Bxg3 22. hxg3 Rhe8 23. Qd3 Re4 24. Red1 Bg6 25. Qd2 Bf7 26. Bc2 Re7 27. Nd4 Nxd4 28. cxd4 Qb6 29. Qb4 Ree8 30. Ra5 c6 31. Rda1 Be6 32. Bd3 Bd7 33. Qa3 Rb8 34. Ra7+ Kc8 35. Qd6 1-0

[Event "Voronezh Region-ch"]
[Site "Voronezh"]
[Date "2017.12.17"]
[Round "5"]
[White "Lukovnikov, Alexander"]
[Black "Tatarintsev, Egor"]
[Result "1-0"]
[WhiteElo "2241"]
[BlackElo "2125"]
[PlyCount "43"]
[EventDate "2017.12.12"]
[EventType "swiss"]
[EventRounds "9"]
[EventCountry "RUS"]
[SourceTitle "CBM 182 Extra"]
[Source "ChessBase"]
[SourceDate "2018.02.23"]
[SourceVersion "1"]
[SourceVersionDate "2018.02.23"]
[SourceQuality "1"]

1. e4 e6 2. Nc3 d5 3. Nf3 dxe4 4. Nxe4 Bd7 5. d4 Bc6 6. Bd3 Nd7 7. 0-0 Ngf6 8. Nxf6+ Qxf6 9. Be2 h6 10. c4 0-0-0 11. Be3 b6 12. Qc2 Bb7 13. c5 e5 14. Rac1 bxc5 15. dxc5 e4 16. Nd4 c6 17. b4 Qe5 18. Qa4 Nb8 19. Bg4+ Nd7 20. Nxc6 Bxc6 21. Qxc6+ Qc7 22. Qxe4 1-0

[Event "Tambov Korensky Memorial 26th"]
[Site "Tambov"]
[Date "2017.08.27"]
[Round "9"]
[White "Lukovnikov, Alexander"]
[Black "Kutyanina, Mariya"]
[Result "1-0"]
[WhiteElo "2253"]
[BlackElo "1906"]
[PlyCount "71"]
[EventDate "2017.08.19"]
[EventType "swiss"]
[EventRounds "9"]
[EventCountry "RUS"]
[SourceTitle "CBM 180 Extra"]
[Source "ChessBase"]
[SourceDate "2017.10.06"]
[SourceVersion "1"]
[SourceVersionDate "2017.10.06"]
[SourceQuality "1"]

1. e4 c5 2. Nf3 d6 3. d4 cxd4 4. Qxd4 Nc6 5. Bb5 Nf6 6. Nc3 Bd7 7. Bxc6 Bxc6 8. Bg5 h6 9. Bxf6 gxf6 10. 0-0-0 Qa5 11. Kb1 0-0-0 12. Nd5 Bxd5 13. exd5 Kb8 14. Rhe1 Rg8 15. g3 Rc8 16. Nh4 Qb5 17. Qd3 Qc5 18. f4 Re8 19. Qb3 Qc8 20. Rd2 f5 21. Rde2 Bg7 22. Qd3 Bf6 23. Nxf5 Qc5 24. Nxh6 Rg7 25. Nf5 Rgg8 26. a3 Qb6 27. Qb3 Qc7 28. h3 Qd7 29. g4 Rh8 30. Qd3 Bh4 31. Rf1 Reg8 32. g5 Rd8 33. Rxe7 Qa4 34. Qb3 Qa6 35. c4 b6 36. Nd4 1-0

[Event "Tambov Korensky Memorial 26th"]
[Site "Tambov"]
[Date "2017.08.19"]
[Round "1"]
[White "Lomakina, Galja"]
[Black "Lukovnikov, Alexander"]
[Result "0-1"]
[WhiteElo "1971"]
[BlackElo "2253"]
[PlyCount "76"]
[EventDate "2017.08.19"]
[EventType "swiss"]
[EventRounds "9"]
[EventCountry "RUS"]
[SourceTitle "CBM 180 Extra"]
[Source "ChessBase"]
[SourceDate "2017.10.06"]
[SourceVersion "1"]
[SourceVersionDate "2017.10.06"]
[SourceQuality "1"]

1. d3 e5 2. Nf3 Nc6 3. g3 f5 4. Bg2 Nf6 5. 0-0 Be7 6. c4 0-0 7. Nc3 d6 8. Rb1 Qe8 9. b4 Qh5 10. b5 Nd8 11. Qb3 Kh8 12. Nd5 Nxd5 13. cxd5 Nf7 14. Qc4 Bd8 15. Bb2 Nh6 16. e3 Bd7 17. a4 f4 18. exf4 exf4 19. Qc3 Bf6 20. Qxc7 Bf5 21. Qxb7 Bxd3 22. Bxf6 gxf6 23. Rbc1 Bxf1 24. Kxf1 Ng4 25. Kg1 Ne5 26. Nh4 fxg3 27. hxg3 f5 28. f4 Ng4 29. Bf3 Qe8 30. Ng2 Qg6 31. Nh4 Qe8 32. Ng2 Nf6 33. Kh2 Rg8 34. Rg1 Rc8 35. Qxa7 Rc2 36. Qd4 Qg6 37. g4 Qh6+ 38. Kg3 fxg4 0-1

[Event "Tambov Korensky Memorial 24th"]
[Site "Tambov"]
[Date "2015.08.28"]
[Round "7"]
[White "Lukovnikov, Alexander"]
[Black "Uryupin, Igor Nikolaevich"]
[Result "1/2-1/2"]
[WhiteElo "2270"]
[BlackElo "2232"]
[PlyCount "26"]
[EventDate "2015.08.22"]
[EventType "swiss"]
[EventRounds "9"]
[EventCountry "RUS"]
[SourceTitle "EXT 2016"]
[Source "ChessBase"]
[SourceDate "2015.10.08"]
[SourceVersion "1"]
[SourceVersionDate "2015.10.08"]
[SourceQuality "1"]

1. e4 c5 2. Nf3 g6 3. c3 Bg7 4. d4 cxd4 5. cxd4 d5 6. exd5 Nf6 7. Bb5+ Nbd7 8. 0-0 0-0 9. d6 exd6 10. Nc3 Nb6 11. h3 a6 12. Bd3 Be6 13. Re1 Qd7 1/2-1/2

[Event "Voronezh School op"]
[Site "Voronezh"]
[Date "2015.05.22"]
[Round "4"]
[White "Lukovnikov, Alexander"]
[Black "Cherednichenko, Dmitrij"]
[Result "1/2-1/2"]
[WhiteElo "2229"]
[BlackElo "2081"]
[PlyCount "50"]
[EventDate "2015.05.19"]
[EventType "swiss"]
[EventRounds "9"]
[EventCountry "RUS"]
[SourceTitle "EXT 2016"]
[Source "ChessBase"]
[SourceDate "2015.10.08"]
[SourceVersion "1"]
[SourceVersionDate "2015.10.08"]
[SourceQuality "1"]

1. c4 e5 2. Nc3 Nf6 3. Nf3 Nc6 4. e4 Bc5 5. Nxe5 Nxe5 6. d4 Bb4 7. dxe5 Nxe4 8. Qd4 Nxc3 9. bxc3 Be7 10. Qg4 Kf8 11. Qg3 d6 12. Bf4 Bh4 13. Qe3 dxe5 14. Bxe5 f6 15. g3 fxe5 16. gxh4 Qxh4 17. 0-0-0 Qe7 18. Rd5 Bf5 19. Bd3 Bg6 20. c5 Re8 21. Re1 Qf6 22. Rd7 Re7 23. Rd8+ Re8 24. Rd7 Re7 25. Rd8+ Re8 1/2-1/2

[Event "Voronezh-ch op2"]
[Site "Voronezh"]
[Date "2015.04.06"]
[Round "4"]
[White "Lukovnikov, Alexander"]
[Black "Kostin, Alexey"]
[Result "0-1"]
[WhiteElo "2258"]
[BlackElo "2257"]
[PlyCount "104"]
[EventDate "2015.04.02"]
[EventType "swiss"]
[EventRounds "9"]
[EventCountry "RUS"]
[SourceTitle "EXT 2017"]
[Source "ChessBase"]
[SourceDate "2016.10.25"]
[SourceVersion "1"]
[SourceVersionDate "2016.10.25"]
[SourceQuality "1"]

1. e4 c5 2. Nf3 e6 3. d4 cxd4 4. Nxd4 a6 5. Nc3 Qc7 6. Bd3 Nc6 7. Be3 Nf6 8. 0-0 Nxd4 9. Bxd4 Bc5 10. Bxf6 gxf6 11. Qg4 Kf8 12. Kh1 h5 13. Qh4 Be7 14. f4 b5 15. f5 Qe5 16. a4 b4 17. Ne2 Qxb2 18. Nf4 Qe5 19. Bc4 Bb7 20. fxe6 dxe6 21. Bxe6 Bxe4 22. Rae1 f5 23. Qh3 Rd8 24. Bxf5 Qxf5 25. Qe3 Rh6 26. Qxe4 Qxe4 27. Rxe4 Rd2 28. Rc4 Rf6 29. g3 Rf5 30. Re1 Bd6 31. Ree4 h4 32. gxh4 Rf2 33. Ne2 Rxh2+ 34. Kg1 Rff2 35. Rc8+ Kg7 36. Rg4+ Kh7 37. Rc6 Be5 38. Rc5 f6 39. Nd4 Rd2 40. Rxe5 fxe5 41. Nf3 Rxc2 42. Nxh2 b3 43. Rb4 b2 44. Nf1 e4 45. Rb6 e3 46. Nxe3 Rc1+ 47. Kf2 b1Q 48. Rxb1 Rxb1 49. Nd5 Ra1 50. Nb6 Kg6 51. Ke3 Rd1 52. a5 Kh5 0-1

[Event "Voronezh-ch op2"]
[Site "Voronezh"]
[Date "2015.04.03"]
[Round "2"]
[White "Lukovnikov, Alexander"]
[Black "Cherednichenko, Dmitrij"]
[Result "1-0"]
[WhiteElo "2258"]
[BlackElo "2061"]
[PlyCount "79"]
[EventDate "2015.04.02"]
[EventType "swiss"]
[EventRounds "9"]
[EventCountry "RUS"]
[SourceTitle "EXT 2017"]
[Source "ChessBase"]
[SourceDate "2016.10.25"]
[SourceVersion "1"]
[SourceVersionDate "2016.10.25"]
[SourceQuality "1"]

1. e4 e6 2. Nc3 d5 3. d4 Bb4 4. e5 c5 5. Bd2 cxd4 6. Nb5 Bf8 7. Nf3 Nc6 8. Nbxd4 Nge7 9. Bd3 Ng6 10. Nxc6 bxc6 11. h4 Bc5 12. h5 Ne7 13. h6 g6 14. 0-0 Nf5 15. Bg5 Be7 16. Qd2 Nd4 17. Nxd4 Bxg5 18. Qc3 Bd7 19. Rae1 Qb6 20. Nb3 0-0 21. Nc5 Rfd8 22. b4 Bxh6 23. Qd4 a5 24. c3 Qc7 25. a3 axb4 26. axb4 Bf8 27. Re3 Ra3 28. Rh3 Bc8 29. Re1 Qe7 30. g3 Bd7 31. Kg2 Rda8 32. Reh1 h6 33. Qf4 g5 34. Qg4 Be8 35. Rxh6 Bxh6 36. Rxh6 Qf8 37. Rh8+ Kxh8 38. Qh5+ Qh6 39. Qxh6+ Kg8 40. Bh7+ 1-0

[Event "Voronezh-ch op2"]
[Site "Voronezh"]
[Date "2015.04.02"]
[Round "1"]
[White "Kholodov, Vladimir"]
[Black "Lukovnikov, Alexander"]
[Result "0-1"]
[WhiteElo "2010"]
[BlackElo "2258"]
[PlyCount "58"]
[EventDate "2015.04.02"]
[EventType "swiss"]
[EventRounds "9"]
[EventCountry "RUS"]
[SourceTitle "EXT 2017"]
[Source "ChessBase"]
[SourceDate "2016.10.25"]
[SourceVersion "1"]
[SourceVersionDate "2016.10.25"]
[SourceQuality "1"]

1. e4 e5 2. Nf3 Nc6 3. Bc4 Nf6 4. d3 d5 5. exd5 Nxd5 6. h3 Be7 7. 0-0 0-0 8. Re1 Nb6 9. Bb3 a5 10. a3 Bf6 11. Nc3 h6 12. Be3 Nd4 13. Ba2 Bd7 14. Ne4 Bc6 15. Nxd4 exd4 16. Bf4 Nd5 17. Bg3 Be7 18. Be5 Kh7 19. Qg4 g6 20. Ng3 Bc5 21. Bxd4 h5 22. Nxh5 f5 23. Nf6+ Qxf6 24. Bxf6 fxg4 25. Bh4 gxh3 26. gxh3 Nf4 27. Kh2 Bd6 28. Be7 Ne2+ 29. Bxd6 Rxf2# 0-1

[Event "Voronezh Regional-ch"]
[Site "Voronezh"]
[Date "2014.12.12"]
[Round "7"]
[White "Sergienko, Sergey"]
[Black "Lukovnikov, Alexander"]
[Result "1/2-1/2"]
[WhiteElo "2364"]
[BlackElo "2245"]
[PlyCount "56"]
[EventDate "2014.12.05"]
[EventType "swiss"]
[EventRounds "9"]
[EventCountry "RUS"]
[SourceTitle "CBM 164 Extra"]
[Source "ChessBase"]
[SourceDate "2015.03.02"]
[SourceVersion "1"]
[SourceVersionDate "2015.03.02"]
[SourceQuality "1"]

1. Nf3 f5 2. g3 Nf6 3. c4 d6 4. d4 c6 5. Bg2 g6 6. 0-0 Bg7 7. b4 0-0 8. Bb2 Ne4 9. Nbd2 Na6 10. b5 cxb5 11. cxb5 Nc7 12. Qc2 Bd7 13. a4 d5 14. Ne5 Rc8 15. Qd3 Ne6 16. Nxe4 fxe4 17. Qb3 Bxe5 18. dxe5 Rc4 19. Rac1 Nc5 20. Qa3 Rxc1 21. Rxc1 b6 22. Rd1 e6 23. Bd4 Qe7 24. h4 Rc8 25. Be3 Kf7 26. Bg5 Qf8 27. f3 exf3 28. exf3 Nb7 1/2-1/2

[Event "Voronezh Regional-ch"]
[Site "Voronezh"]
[Date "2014.12.07"]
[Round "3"]
[White "Klimentov, Roman"]
[Black "Lukovnikov, Alexander"]
[Result "1-0"]
[WhiteElo "2257"]
[BlackElo "2245"]
[PlyCount "75"]
[EventDate "2014.12.05"]
[EventType "swiss"]
[EventRounds "9"]
[EventCountry "RUS"]
[SourceTitle "CBM 164 Extra"]
[Source "ChessBase"]
[SourceDate "2015.03.02"]
[SourceVersion "1"]
[SourceVersionDate "2015.03.02"]
[SourceQuality "1"]

1. e4 g6 2. d4 Bg7 3. Nc3 d6 4. Nf3 Nf6 5. Be2 0-0 6. 0-0 Bg4 7. Be3 Nc6 8. d5 Bxf3 9. Bxf3 Ne5 10. Be2 c6 11. f4 Ned7 12. dxc6 bxc6 13. Kh1 Qa5 14. Bf3 Rab8 15. Rb1 Rfd8 16. a3 Qc7 17. Qe1 Nb6 18. b3 d5 19. e5 d4 20. exf6 Bxf6 21. Ne4 dxe3 22. Nxf6+ exf6 23. Qxe3 Nd5 24. Bxd5 cxd5 25. Rf2 d4 26. Qd3 Qd6 27. a4 Rbc8 28. Rd1 Qb4 29. f5 Rc3 30. Qa6 Qe7 31. fxg6 hxg6 32. Rxf6 Rxc2 33. Rxg6+ Kf8 34. Rg3 Rd6 35. Qb5 Qe2 36. Qb8+ Ke7 37. Rg1 a6 38. Rg8 1-0